| 000 | 00359nam a2200145Ia 4500 | ||
|---|---|---|---|
| 008 | 230917s9999||||xx |||||||||||||| ||und|| | ||
| 040 |
_e154903 _aMAIN |
||
| 041 | _aEnglish | ||
| 082 | _a891.28 K898S | ||
| 100 | _aKrishan Kumar | ||
| 245 | 0 | _aSanskrit natak sukti-trangini | |
| 260 |
_aMuradadad _bMayank prakashan _c1981 |
||
| 300 | _a258p p. | ||
| 942 | _cBK | ||
| 999 |
_c52531 _d52531 |
||